000
00316 a2200157 4500
001
177624
020
_a
040
_c
Magnum
100
_a
Bonaldo,nadia
240
1
0
_a
A noite de natal
_l
por
245
1
0
_a
A noite de natal
362
0
_a
1899
440
1
_a
Paulinas
697
_a
MAGNITO: I/CONTO
942
_c
BK
999
_c
177624
_d
177624